| 000 | 00465nam a2200193Ia 4500 | ||
|---|---|---|---|
| 005 | 20240823041025.0 | ||
| 008 | 240823s9999||||xx |||||||||||||| ||und|| | ||
| 041 | _aENGLISH | ||
| 082 | _A658.3 N0 | ||
| 100 | _aNair M R R | ||
| 245 | 0 | _aExcellence Through Human Resource Development | |
| 250 | _a1st | ||
| 260 |
_c1990 _b"TMH,New Delhi" |
||
| 500 | _aYES | ||
| 650 |
_aResources _bManagement Studies |
||
| 700 | _a Rao T V | ||
| 942 | _cBK | ||
| 999 |
_c204510 _d204510 |
||